[Event "Navarra-ch"]
[Site "Pamplona"]
[Date "2014.05.31"]
[Round "8"]
[White "Zozaya Albizu, Martin"]
[Black "Sanchez Garcia, Andres"]
[Result "1/2-1/2"]
[WhiteElo "1477"]
[BlackElo "1737"]
[PlyCount "60"]
[EventDate "2014.03.29"]
[EventType "swiss"]
[EventRounds "8"]
[EventCountry "ESP"]
[SourceTitle "EXT 2016"]
[Source "ChessBase"]
[SourceDate "2015.10.08"]
[SourceVersion "1"]
[SourceVersionDate "2015.10.08"]
[SourceQuality "1"]

1. d4 Nf6 2. c4 e5 3. e3 exd4 4. exd4 Bb4+ 5. Bd2 Bxd2+ 6. Qxd2 0-0 7. Nf3 Re8+ 8. Be2 d5 9. 0-0 Bg4 10. cxd5 Nxd5 11. Nc3 Nc6 12. Rfe1 Nf6 13. d5 Nb4 14. Rad1 c6 15. dxc6 Nxc6 16. Qf4 Qb8 17. Qc4 Qc8 18. Ng5 Ne5 19. Qxc8 Raxc8 20. Bxg4 Nexg4 21. h3 Nh6 22. Rxe8+ Rxe8 23. g4 Kf8 24. Nf3 Nhg8 25. Nd4 Ne7 26. g5 Nfd5 27. Ndb5 Nxc3 28. Nxc3 Nc6 29. Rd7 Re7 30. Rd5 a6 1/2-1/2